Southville International School and Colleges
Your cart is empty.
  • Cart
  • Lists
    Public lists Eva Luna New books Lux_list list_1
    Your lists Log in to create your own lists
  • Log in to your account
  • Your cookies
  • Search history
Southville International School and Colleges
  • Advanced search
  • Recent comments
  • Most popular
  • Libraries

Log in to your account

Log in with GOOGLE


If you do not have an external account, but do have a local account, you can still log in:

  1. Home
  2. MARC view: Philippines 5000 /
Normal view MARC view ISBD view

Philippines 5000 / (Record no. 12670)

[ view plain ]
MARC details
000 -LEADER
fixed length control field 00424nam a2200157 a 4500
005 - DATE AND TIME OF LATEST TRANSACTION
control field 20140310182404.0
008 - FIXED-LENGTH DATA ELEMENTS--GENERAL INFORMATION
fixed length control field 000528s19uu xx 00 eng d
020 ## - INTERNATIONAL STANDARD BOOK NUMBER
International Standard Book Number 0-117-8660
050 ## - LIBRARY OF CONGRESS CALL NUMBER
Classification number HD 2905
Item number .P552 1996
245 ## - TITLE STATEMENT
Title Philippines 5000 /
260 ## - PUBLICATION, DISTRIBUTION, ETC. (IMPRINT)
Place of publication, distribution, etc Philippines :
Name of publisher, distributor, etc SEC,
Date of publication, distribution, etc 1996.
300 ## - PHYSICAL DESCRIPTION
Extent 458 p. :
Other physical details col. ill. ;
Dimensions 28 cm.
650 ## - SUBJECT ADDED ENTRY--TOPICAL TERM
Topical term or geographic name as entry element Evaluation and reporting
General subdivision Philippines
942 ## - ADDED ENTRY ELEMENTS (KOHA)
Koha item type Books
Source of classification or shelving scheme Library of Congress Classification
Holdings
Withdrawn status Lost status Source of classification or shelving scheme Damaged status Home library Current library Shelving location Date acquired Total Checkouts Full call number Barcode Date last seen Price effective from Koha item type
    Library of Congress Classification   Luxembourg Library Luxembourg Library Filipiniana Section 05/28/2000   HD 2905 .P552 1996 2296 10/10/2013 10/10/2013 Books

Philippines 5000 /

APA

(1996). Philippines 5000. Philippines: SEC.

Chicago

1996. Philippines 5000. Philippines: SEC.

Harvard

(1996). Philippines 5000. Philippines: SEC.

MLA

Philippines 5000. Philippines: SEC. 1996.

  • Place hold
  • Print
  • Cite
  • Add to your cart (remove)
  • Save record
    BIBTEX Dublin Core MARCXML MARC (non-Unicode/MARC-8) MARC (Unicode/UTF-8) MARC (Unicode/UTF-8, Standard) MODS (XML) RIS
  • More searches
    Search for this title in:
    Other Libraries (WorldCat) Other Databases (Google Scholar) Online Stores (Bookfinder.com) Open Library (openlibrary.org)

Exporting to Dublin Core...

SOUTHVILLE LIBRARY

Southville International School and Colleges Library

1281 Tropical Ave. Cor. Luxembourg St., BF Homes International, Las Pinas City

Tel. No. 8256374 / 252358 Loc. 117/146

Powered by Koha